[Event "GBR-ch 95th"]
[Site "Liverpool"]
[Date "2008.07.30"]
[Round "3.25"]
[White "Jackson, Oliver"]
[Black "Auckland, Elliott"]
[Result "0-1"]
[WhiteElo "2221"]
[BlackElo "1990"]
[PlyCount "60"]
[EventDate "2008.07.28"]
[EventType "swiss"]
[EventRounds "11"]
[EventCountry "GBR"]

1. e4 c5 2. Nc3 e6 3. f4 Nc6 4. Nf3 a6 5. d3 d5 6. g3 d4 7. Ne2 Nf6 8. Bg2 b5
9. O-O Be7 10. h3 h6 11. a4 Bb7 12. g4 Nd7 13. e5 Nb6 14. f5 Nxa4 15. fxe6 fxe6
16. Nf4 Qd7 17. Ng6 Rg8 18. Nd2 Nb4 19. Bxb7 Qxb7 20. Ne4 Qc7 21. Qf3 O-O-O 22.
Qf7 Rge8 23. Qxe6+ Qd7 24. Qb3 Qd5 25. Rf7 c4 26. Nxe7+ Rxe7 27. Qxb4 Rxf7 28.
b3 Nc3 29. Nd6+ Rxd6 30. Qxd6 Ne2+ 0-1

[Event "GBR-ch 95th"]
[Site "Liverpool"]
[Date "2008.07.30"]
[Round "3.27"]
[White "Berry, Stephen"]
[Black "Gavriel, Tryfon"]
[Result "1/2-1/2"]
[WhiteElo "2363"]
[BlackElo "2180"]
[PlyCount "82"]
[EventDate "2008.07.28"]
[EventType "swiss"]
[EventRounds "11"]
[EventCountry "GBR"]

1. e4 e6 2. d4 d5 3. e5 c5 4. c3 Nc6 5. Nf3 Nh6 6. Bd3 f6 7. O-O Nf7 8. Re1 g5
9. exf6 Qxf6 10. Na3 Bd7 11. Be3 g4 12. Nd2 cxd4 13. cxd4 h5 14. Nb3 Bb4 15.
Rf1 O-O-O 16. Rc1 Kb8 17. Nb5 e5 18. dxe5 Nfxe5 19. N3d4 Nxd4 20. Nxd4 Bd6 21.
Be2 Rdg8 22. f4 gxf3 23. Bxf3 Ng4 24. Bxg4 Bxh2+ 25. Kxh2 hxg4+ 26. Kg1 Qh4 27.
Bf4+ Ka8 28. Rc3 g3 29. Rxg3 Rxg3 30. Bxg3 Qxg3 31. Qf3 Qh2+ 32. Kf2 Qh4+ 33.
Ke3 Re8+ 34. Kd3 Bb5+ 35. Nxb5 Qc4+ 36. Kd2 Qxb5 37. Kc1 Qc4+ 38. Kb1 Rc8 39.
a3 Qc2+ 40. Ka1 d4 41. Rd1 Qc5 1/2-1/2

[Event "GBR-ch 95th"]
[Site "Liverpool"]
[Date "2008.07.30"]
[Round "3.28"]
[White "Surtees, Michael"]
[Black "Shaw, Peter"]
[Result "1/2-1/2"]
[WhiteElo "2182"]
[BlackElo "2127"]
[PlyCount "53"]
[EventDate "2008.07.28"]
[EventType "swiss"]
[EventRounds "11"]
[EventCountry "GBR"]

1. e4 e6 2. Nf3 b6 3. d4 Bb7 4. Bd3 c5 5. c3 Nf6 6. Qe2 Be7 7. Nbd2 Nc6 8. a3
a5 9. b3 Qc8 10. Bb2 d5 11. dxc5 bxc5 12. e5 Nd7 13. O-O Ba6 14. c4 d4 15. Rfe1
Rb8 16. Bc1 Qc7 17. a4 Rb6 18. Ba3 Bb7 19. Rab1 Qb8 20. Rb2 Ba8 21. Bc2 h6 22.
h3 Qc7 23. Rbb1 Qb7 24. Be4 Qb8 25. Bc2 Qb7 26. Be4 Qb8 27. Bc2 1/2-1/2

[Event "GBR-ch 95th"]
[Site "Liverpool"]
[Date "2008.07.30"]
[Round "3.29"]
[White "Coates, David H"]
[Black "Dilleigh, Steve"]
[Result "1/2-1/2"]
[WhiteElo "2037"]
[BlackElo "2131"]
[PlyCount "64"]
[EventDate "2008.07.28"]
[EventType "swiss"]
[EventRounds "11"]
[EventCountry "GBR"]

1. e4 e6 2. d4 d5 3. Nc3 Nf6 4. Bg5 dxe4 5. Nxe4 Be7 6. Bxf6 Bxf6 7. Nf3 O-O 8.
Qd2 Nd7 9. O-O-O Be7 10. h4 b6 11. Bd3 Bb7 12. Qe2 Nf6 13. Nxf6+ Bxf6 14. Be4
Bxe4 15. Qxe4 Qd5 16. Qxd5 exd5 17. Ne5 Rfe8 18. f4 Be7 19. g3 Bd6 20. Rhe1 f6
21. Ng4 Kf7 22. c3 c6 23. Kd2 h5 24. Nf2 Kg6 25. Re3 Rxe3 26. Kxe3 Re8+ 27. Kf3
Kf5 28. b4 b5 29. Nh3 a5 30. a3 axb4 31. cxb4 Ra8 32. Rd3 Bc7 1/2-1/2

[Event "GBR-ch 95th"]
[Site "Liverpool"]
[Date "2008.07.30"]
[Round "3.30"]
[White "James, David J"]
[Black "Yeo, Michael J"]
[Result "0-1"]
[WhiteElo "2177"]
[BlackElo "2110"]
[PlyCount "56"]
[EventDate "2008.07.28"]
[EventType "swiss"]
[EventRounds "11"]
[EventCountry "GBR"]

1. Nf3 d5 2. d4 Nf6 3. c4 dxc4 4. Nc3 a6 5. a4 Nc6 6. e4 Bg4 7. Be3 Bxf3 8.
gxf3 e5 9. d5 Na5 10. f4 Bd6 11. fxe5 Bxe5 12. Bg2 Qd6 13. h3 Nb3 14. Rb1 Nc5
15. O-O O-O 16. Bd4 Nd3 17. Bxe5 Qxe5 18. Qf3 Rfe8 19. Rfd1 Nh5 20. Qf5 Nhf4
21. Bf1 Rad8 22. Qxe5 Rxe5 23. b3 Rd6 24. bxc4 Rg5+ 25. Kh2 Ne5 26. Ne2 Nf3+
27. Kh1 Nxe2 28. Bxe2 Rh6 0-1

[Event "GBR-ch 95th"]
[Site "Liverpool"]
[Date "2008.07.30"]
[Round "3.31"]
[White "Pert, Richard G"]
[Black "Waters, Clive L"]
[Result "1-0"]
[WhiteElo "2468"]
[BlackElo "2096"]
[PlyCount "83"]
[EventDate "2008.07.28"]
[EventType "swiss"]
[EventRounds "11"]
[EventCountry "GBR"]

1. d4 d5 2. c4 c6 3. e3 Nf6 4. Nc3 g6 5. Nf3 Bg7 6. cxd5 cxd5 7. Bb5+ Nbd7 8.
Qb3 e6 9. Bd2 O-O 10. O-O Nb6 11. Rfc1 Bd7 12. Bd3 Bc6 13. Ne5 Nfd7 14. Nxc6
bxc6 15. Ne2 Rc8 16. Bb4 Re8 17. Ba6 Rb8 18. Bd6 Ra8 19. Bb7 Nc4 20. Bxa8 Qxa8
21. Rxc4 dxc4 22. Qxc4 Qb7 23. Ba3 e5 24. Rc1 exd4 25. Nxd4 Ne5 26. Qc2 Rd8 27.
h3 Bf6 28. f4 c5 29. fxe5 Bg5 30. Bxc5 Bxe3+ 31. Kh1 Bxc1 32. Qxc1 Qd5 33. Nf3
Qxa2 34. Bd4 Qe6 35. Qh6 Rc8 36. Ng5 Qf5 37. Qxh7+ Kf8 38. Qh8+ Ke7 39. Qf6+
Qxf6 40. exf6+ Ke8 41. Bxa7 Rc1+ 42. Kh2 1-0

[Event "GBR-ch 95th"]
[Site "Liverpool"]
[Date "2008.07.30"]
[Round "3.32"]
[White "Ledger, David"]
[Black "Davis, Lee"]
[Result "1-0"]
[WhiteElo "2260"]
[BlackElo "2071"]
[PlyCount "43"]
[EventDate "2008.07.28"]
[EventType "swiss"]
[EventRounds "11"]
[EventCountry "GBR"]

1. e4 d6 2. d4 Nf6 3. Nc3 g6 4. f4 Bg7 5. Nf3 O-O 6. Bd3 Na6 7. e5 Nd7 8. Be3
c5 9. Bxa6 bxa6 10. dxc5 Nxc5 11. Bxc5 dxc5 12. Qxd8 Rxd8 13. Na4 Rd4 14. Nxd4
cxd4 15. O-O-O d3 16. Nc5 Bg4 17. Rxd3 Rc8 18. Ne4 Bf5 19. Rc3 f6 20. Rxc8+
Bxc8 21. exf6 exf6 22. Rd1 1-0

[Event "GBR-ch 95th"]
[Site "Liverpool"]
[Date "2008.07.30"]
[Round "3.33"]
[White "Gibson, Chris A"]
[Black "Kett, Timothy"]
[Result "0-1"]
[WhiteElo "2003"]
[BlackElo "2247"]
[PlyCount "46"]
[EventDate "2008.07.28"]
[EventType "swiss"]
[EventRounds "11"]
[EventCountry "GBR"]

1. d4 Nf6 2. c4 e6 3. Nf3 d5 4. Nc3 c6 5. Bg5 h6 6. Bh4 dxc4 7. e4 g5 8. Bg3 b5
9. Be2 Bb7 10. O-O Nbd7 11. Ne5 Qe7 12. f4 O-O-O 13. fxg5 hxg5 14. b3 b4 15.
bxc4 bxc3 16. Rb1 Nxe4 17. Rxf7 Qd6 18. Nxd7 Nxg3 19. Nxf8 c2 20. Qxc2 Qxd4+
21. Rf2 Nxe2+ 22. Qxe2 Rhxf8 23. Qxe6+ Kb8 0-1

[Event "GBR-ch 95th"]
[Site "Liverpool"]
[Date "2008.07.30"]
[Round "3.34"]
[White "Tiruchirapalli, Venkataramanan"]
[Black "McCullough, Simon L"]
[Result "1-0"]
[WhiteElo "2247"]
[BlackElo "1910"]
[PlyCount "55"]
[EventDate "2008.07.28"]
[EventType "swiss"]
[EventRounds "11"]
[EventCountry "GBR"]

1. e4 e6 2. d4 d5 3. Nd2 Nf6 4. e5 Nfd7 5. Bd3 c5 6. c3 Nc6 7. Ne2 cxd4 8. cxd4
Be7 9. Nf3 Nb4 10. Bb1 b6 11. O-O g5 12. Ne1 Ba6 13. f4 gxf4 14. Bxf4 Bg5 15.
Nd3 Nxd3 16. Bxd3 Bxd3 17. Qxd3 Bxf4 18. Nxf4 Rc8 19. Rf3 Qg5 20. Raf1 Qh6 21.
Qb5 Rg8 22. Rh3 Qg7 23. Rg3 Qh8 24. Nh5 Rxg3 25. Rxf7 Kxf7 26. Qxd7+ Kg6 27.
Nf4+ Kg5 28. Qf7 1-0

[Event "GBR-ch 95th"]
[Site "Liverpool"]
[Date "2008.07.31"]
[Round "4.1"]
[White "Hebden, Mark"]
[Black "Davies, Nigel R"]
[Result "1-0"]
[WhiteElo "2520"]
[BlackElo "2478"]
[PlyCount "101"]
[EventDate "2008.07.28"]
[EventType "swiss"]
[EventRounds "11"]
[EventCountry "GBR"]

1. d4 Nf6 2. Nf3 e6 3. e3 b6 4. Bd3 Bb7 5. O-O c5 6. c4 g6 7. Nc3 Bg7 8. dxc5
bxc5 9. b3 O-O 10. Bb2 Qe7 11. Rc1 Nc6 12. Qe2 Rfd8 13. Rfd1 Rac8 14. Be4 d6
15. Bxc6 Bxc6 16. Rd2 Qb7 17. Rcd1 Bxf3 18. Qxf3 Qxf3 19. gxf3 Ne8 20. Nb5 Bxb2
21. Rxb2 a6 22. Nc3 Kf8 23. f4 Ke7 24. Rbd2 Nf6 25. e4 e5 26. fxe5 dxe5 27.
Nd5+ Nxd5 28. Rxd5 Rxd5 29. Rxd5 Ke6 30. Kg2 f5 31. f4 exf4 32. exf5+ gxf5 33.
Kf3 a5 34. Kxf4 a4 35. Rxf5 axb3 36. axb3 Rb8 37. Re5+ Kf6 38. Rxc5 Rxb3 39. h4
Rb1 40. Rc6+ Ke7 41. Ke5 Re1+ 42. Kd5 Kd7 43. Rh6 Re7 44. Kc5 Kc7 45. Kb5 Re5+
46. c5 Re7 47. h5 Kc8 48. Rc6+ Kb7 49. Rf6 Kc8 50. Rf8+ Kc7 51. h6 1-0

[Event "GBR-ch 95th"]
[Site "Liverpool"]
[Date "2008.07.31"]
[Round "4.3"]
[White "Gormally, Daniel"]
[Black "Pert, Nicholas"]
[Result "1/2-1/2"]
[WhiteElo "2504"]
[BlackElo "2547"]
[PlyCount "27"]
[EventDate "2008.07.28"]
[EventType "swiss"]
[EventRounds "11"]
[EventCountry "GBR"]

1. d4 d5 2. c4 c6 3. Nf3 Nf6 4. Nc3 dxc4 5. a4 Bf5 6. Nh4 Bg4 7. h3 Bh5 8. g4
Bg6 9. Nxg6 hxg6 10. e3 e6 11. Bxc4 Bb4 12. Kf1 Nbd7 13. Kg2 Qe7 14. Bd2
1/2-1/2

[Event "GBR-ch 95th"]
[Site "Liverpool"]
[Date "2008.07.31"]
[Round "4.6"]
[White "Flear, Glenn C"]
[Black "Hawkins, Jonathan"]
[Result "1/2-1/2"]
[WhiteElo "2493"]
[BlackElo "2232"]
[PlyCount "93"]
[EventDate "2008.07.28"]
[EventType "swiss"]
[EventRounds "11"]
[EventCountry "GBR"]

1. d4 Nf6 2. c4 g6 3. Nc3 Bg7 4. e4 d6 5. Be2 O-O 6. Bg5 h6 7. Be3 c5 8. d5 e6
9. dxe6 Bxe6 10. Nf3 Nc6 11. O-O Ng4 12. Bf4 Nge5 13. Nd2 Nd4 14. Bg3 g5 15.
Nd5 Bxd5 16. exd5 f5 17. f4 gxf4 18. Bxf4 Ng6 19. Bg3 Be5 20. Nf3 Bxg3 21. hxg3
Nxf3+ 22. Rxf3 Qg5 23. Qc1 Rae8 24. Qxg5 hxg5 25. Rf2 Re3 26. Raf1 Kg7 27. Bh5
Rxg3 28. Bxg6 Kxg6 29. Re1 Rd3 30. Re6+ Rf6 31. Re7 Rd4 32. b3 a5 33. Rxb7 a4
34. Re2 axb3 35. axb3 f4 36. Kf2 g4 37. Rb8 f3 38. gxf3 gxf3 39. Re6 Rd2+ 40.
Kf1 Rxe6 41. dxe6 Kf6 42. Rf8+ Kxe6 43. Rxf3 Ke5 44. Ke1 Rg2 45. Rd3 Ke6 46.
Kd1 Rb2 47. Kc1 1/2-1/2

[Event "GBR-ch 95th"]
[Site "Liverpool"]
[Date "2008.07.31"]
[Round "4.8"]
[White "James, Russell A"]
[Black "Buckley, Graeme"]
[Result "0-1"]
[WhiteElo "2225"]
[BlackElo "2401"]
[PlyCount "78"]
[EventDate "2008.07.28"]
[EventType "swiss"]
[EventRounds "11"]
[EventCountry "GBR"]

1. e4 c5 2. c3 e6 3. d4 d5 4. Nd2 Nc6 5. Ngf3 Nf6 6. Bd3 cxd4 7. cxd4 dxe4 8.
Nxe4 Bb4+ 9. Nc3 O-O 10. O-O b6 11. Re1 Bb7 12. Bc2 Ba6 13. Bg5 Be7 14. a3 Rc8
15. Rc1 Rc7 16. Ba4 h6 17. Bf4 Bd6 18. Ne5 Ne7 19. Bb3 Ned5 20. Bg3 Bb7 21. Nb5
Rxc1 22. Qxc1 Be7 23. Nxa7 Qa8 24. Nac6 Bd6 25. Bxd5 Nxd5 26. b4 Qa4 27. Nd7
Rc8 28. Bxd6 Rxc6 29. Nc5 bxc5 30. dxc5 Ra6 31. Qd1 Qxd1 32. Rxd1 Bc6 33. g3
Rxa3 34. b5 Bxb5 35. c6 Rc3 36. c7 Nxc7 37. Rb1 Bd3 38. Rd1 Nd5 39. Be5 Rb3 0-1

[Event "GBR-ch 95th"]
[Site "Liverpool"]
[Date "2008.07.31"]
[Round "4.10"]
[White "Gregory, Stephen J"]
[Black "Lalic, Susan"]
[Result "0-1"]
[WhiteElo "2177"]
[BlackElo "2344"]
[PlyCount "36"]
[EventDate "2008.07.28"]
[EventType "swiss"]
[EventRounds "11"]
[EventCountry "GBR"]

1. e4 c6 2. d4 d5 3. Nc3 dxe4 4. Nxe4 Nf6 5. Qd3 Nbd7 6. Bg5 Nxe4 7. Qxe4 Qb6
8. b3 Nf6 9. Qh4 Bf5 10. Bc4 e6 11. Bxf6 Qa5+ 12. Kf1 gxf6 13. Nf3 Rg8 14. h3
Be7 15. Kg1 Qc3 16. Kh2 Bd6+ 17. Ne5 fxe5 18. dxe5 Bxe5+ 0-1

[Event "GBR-ch 95th"]
[Site "Liverpool"]
[Date "2008.07.31"]
[Round "4.11"]
[White "Coathup, Roger"]
[Black "Quillan, Gary"]
[Result "0-1"]
[WhiteElo "2105"]
[BlackElo "2339"]
[PlyCount "60"]
[EventDate "2008.07.28"]
[EventType "swiss"]
[EventRounds "11"]
[EventCountry "GBR"]

1. d4 e6 2. Nf3 Nf6 3. c4 c5 4. Nc3 cxd4 5. Nxd4 Bb4 6. Bd2 Nc6 7. a3 Be7 8.
Bf4 d6 9. Nxc6 bxc6 10. e4 e5 11. Bc1 O-O 12. Be2 Ne8 13. O-O a5 14. c5 Be6 15.
cxd6 Nxd6 16. Na4 Nxe4 17. Qc2 Bd5 18. Rd1 Nf6 19. Be3 Rb8 20. Bc4 Qd7 21. Nb6
Qe6 22. Rac1 Rfd8 23. h3 h6 24. Qa4 Bxc4 25. Rxd8+ Bxd8 26. Nxc4 Nd5 27. Bd2
Rb5 28. Bxa5 Nf4 29. Rf1 Bxa5 30. Nxa5 Qd5 0-1

[Event "GBR-ch 95th"]
[Site "Liverpool"]
[Date "2008.07.31"]
[Round "4.13"]
[White "Rayner, Francis"]
[Black "Haslinger, Stewart"]
[Result "0-1"]
[WhiteElo "2207"]
[BlackElo "2511"]
[PlyCount "64"]
[EventDate "2008.07.28"]
[EventType "swiss"]
[EventRounds "11"]
[EventCountry "GBR"]

1. e4 e5 2. Bc4 Nf6 3. d3 c6 4. Nf3 d5 5. Bb3 a5 6. a3 a4 7. Ba2 Bd6 8. Nc3
dxe4 9. Ng5 O-O 10. Ngxe4 Be7 11. Nxf6+ Bxf6 12. Ne4 Re8 13. Qh5 Be6 14. Bg5
Nd7 15. Bxe6 Rxe6 16. O-O h6 17. Be3 Be7 18. Ng3 Nf6 19. Qh3 Nd5 20. Nf5 Bg5
21. Rae1 Ra5 22. d4 Nxe3 23. fxe3 exd4 24. exd4 Rxe1 25. Rxe1 g6 26. Nxh6+ Kg7
27. Ng4 Qxd4+ 28. Kh1 Qxb2 29. g3 Rf5 30. Qg2 Qxa3 31. h4 Bf6 32. Qd2 Qf3+ 0-1

[Event "GBR-ch 95th"]
[Site "Liverpool"]
[Date "2008.07.31"]
[Round "4.14"]
[White "Briscoe, Christopher"]
[Black "Williams, Simon K"]
[Result "0-1"]
[WhiteElo "2232"]
[BlackElo "2496"]
[PlyCount "84"]
[EventDate "2008.07.28"]
[EventType "swiss"]
[EventRounds "11"]
[EventCountry "GBR"]

1. e4 e6 2. d4 d5 3. Nc3 Bb4 4. e5 Ne7 5. Qg4 c5 6. a3 Bxc3+ 7. bxc3 Qc7 8.
Qxg7 Rg8 9. Qxh7 cxd4 10. Ne2 dxc3 11. f4 Nbc6 12. Qd3 Nf5 13. Nxc3 Ncd4 14.
Bb2 Bd7 15. O-O-O Rc8 16. Rd2 Qa5 17. g3 Rc5 18. Bh3 Bb5 19. Nxb5 Rxb5 20. Qc3
Nb3+ 21. cxb3 Rc5 22. Rc2 Rxc3 23. Bxc3 Qxa3+ 24. Bb2 Qxb3 25. Rc3 Qb6 26. Bxf5
exf5 27. Rd1 Qe6 28. Rcd3 Kf8 29. Rxd5 Kg7 30. Kb1 Kh7 31. Rd7 Re8 32. R1d6 Qc4
33. Rd4 Qe2 34. Rxf7+ Kg6 35. Rdd7 Re6 36. Rh7 Qe4+ 37. Kc1 Rc6+ 38. Kd1 Qc2+
39. Ke1 Qb1+ 40. Kf2 Rc2+ 41. Ke3 Qe1+ 42. Kd3 Qe4# 0-1

[Event "GBR-ch 95th"]
[Site "Liverpool"]
[Date "2008.07.31"]
[Round "4.15"]
[White "Greet, Andrew"]
[Black "Lyell, Mark"]
[Result "1-0"]
[WhiteElo "2453"]
[BlackElo "2232"]
[PlyCount "83"]
[EventDate "2008.07.28"]
[EventType "swiss"]
[EventRounds "11"]
[EventCountry "GBR"]

1. e4 e5 2. Nf3 Nc6 3. Bb5 f5 4. Nc3 fxe4 5. Nxe4 Nf6 6. Nxf6+ Qxf6 7. Qe2 Be7
8. Bxc6 bxc6 9. Qxe5 O-O 10. Qxf6 Bxf6 11. O-O c5 12. d3 Bb7 13. Re1 Bxf3 14.
gxf3 Rab8 15. Rb1 Rb6 16. Be3 Be7 17. f4 Bd6 18. Re2 Rf5 19. b3 Bxf4 20. Bxf4
Rxf4 21. Rbe1 Rg6+ 22. Kf1 Rgf6 23. Re8+ Rf8 24. Rxf8+ Kxf8 25. Kg2 Kf7 26. Kg3
Rf6 27. Re4 d5 28. Ra4 a6 29. Ra5 Rc6 30. c4 d4 31. Kf3 Ke6 32. Ke4 Kd7 33. Kd5
Rh6 34. Kxc5 Rxh2 35. Kxd4 Rxf2 36. Rxa6 Rg2 37. a4 h5 38. Ra8 h4 39. Rh8 g5
40. a5 Kc6 41. b4 Kb7 42. b5 1-0

[Event "GBR-ch 95th"]
[Site "Liverpool"]
[Date "2008.07.31"]
[Round "4.16"]
[White "Goodger, Martyn"]
[Black "Ledger, Andrew"]
[Result "0-1"]
[WhiteElo "2187"]
[BlackElo "2423"]
[PlyCount "86"]
[EventDate "2008.07.28"]
[EventType "swiss"]
[EventRounds "11"]
[EventCountry "GBR"]

1. e4 e5 2. Nf3 Nc6 3. Bb5 a6 4. Ba4 Nf6 5. Qe2 b5 6. Bb3 Be7 7. O-O O-O 8. c3
d6 9. Rd1 Na5 10. Bc2 c5 11. d4 Qc7 12. d5 c4 13. b4 cxb3 14. axb3 Bd7 15. Ba3
Bg4 16. h3 Bxf3 17. Qxf3 Rfc8 18. Rc1 Nd7 19. Rd1 Nb7 20. Qe2 Nb6 21. Bb2 Qd7
22. Nd2 Nc5 23. Nf1 a5 24. Ne3 Bg5 25. Nf5 g6 26. Ne3 a4 27. b4 Bxe3 28. Qxe3
Nc4 29. Qc1 Nb3 30. Bxb3 axb3 31. Qb1 Ra4 32. Bc1 Rca8 33. Rxa4 bxa4 34. f4 a3
35. Qxb3 a2 36. Bb2 Nxb2 37. Qxb2 Qa7+ 38. Kh2 a1=Q 39. Rxa1 Qxa1 40. Qxa1 Rxa1
41. fxe5 dxe5 42. c4 Kf8 43. b5 Rc1 0-1

[Event "GBR-ch 95th"]
[Site "Liverpool"]
[Date "2008.07.31"]
[Round "4.17"]
[White "Houska, Jovanka"]
[Black "Barrett, Steve"]
[Result "1-0"]
[WhiteElo "2405"]
[BlackElo "2251"]
[PlyCount "109"]
[EventDate "2008.07.28"]
[EventType "swiss"]
[EventRounds "11"]
[EventCountry "GBR"]

1. d4 Nf6 2. Nf3 g6 3. c4 Bg7 4. g3 O-O 5. Bg2 d6 6. O-O c6 7. b3 Qb6 8. Nc3
Nbd7 9. a4 Re8 10. Ba3 c5 11. d5 a6 12. Bb2 Qa5 13. Qc2 b5 14. axb5 Qb6 15. e4
Bb7 16. Nd2 axb5 17. Nxb5 Ba6 18. Nc3 Rab8 19. Ra2 e6 20. Rfa1 Bb7 21. Nd1 Nh5
22. Bxg7 Nxg7 23. Ne3 e5 24. Nb1 Ra8 25. Nc3 Rxa2 26. Rxa2 h5 27. h4 Nb8 28.
Qb2 Na6 29. Qa3 Rb8 30. Nb5 Ne8 31. Bh3 Nb4 32. Qa5 Ba6 33. Qxb6 Rxb6 34. Ra5
Kf8 35. g4 hxg4 36. Bxg4 Nf6 37. f3 Ke7 38. h5 Nxh5 39. Bxh5 gxh5 40. Nf5+ Kd7
41. Kg2 Bxb5 42. Ra7+ Kd8 43. cxb5 Nd3 44. Ra6 Rxb5 45. Nxd6 Rxb3 46. Ra7 Nf4+
47. Kg3 Ng6 48. Nxf7+ Ke8 49. Nd6+ Kf8 50. Nf5 Rd3 51. Rc7 h4+ 52. Kg4 h3 53.
Kxh3 Rxf3+ 54. Kg4 Rd3 55. Kg5 1-0

[Event "GBR-ch 95th"]
[Site "Liverpool"]
[Date "2008.07.31"]
[Round "4.19"]
[White "Eggleston, David"]
[Black "Woods, Connor"]
[Result "1-0"]
[WhiteElo "2372"]
[BlackElo "1934"]
[PlyCount "63"]
[EventDate "2008.07.28"]
[EventType "swiss"]
[EventRounds "11"]
[EventCountry "GBR"]

1. e4 c5 2. Nf3 Nc6 3. d4 cxd4 4. Nxd4 Nf6 5. Nc3 e5 6. Ndb5 d6 7. Bg5 a6 8.
Na3 b5 9. Bxf6 gxf6 10. Nd5 f5 11. c3 Bg7 12. exf5 Bxf5 13. Nc2 O-O 14. Nce3
Be6 15. Bd3 f5 16. O-O Ra7 17. a4 Ne7 18. Nxe7+ Rxe7 19. axb5 axb5 20. Bxb5 d5
21. Ra6 Kh8 22. Qa4 f4 23. Nc2 Rg8 24. Ra1 Bf8 25. Ne1 Bf5 26. Qa5 Qc8 27. Bc6
Bh3 28. Bxd5 Bxg2 29. Nxg2 Qg4 30. Qb6 Reg7 31. Qf6 Qh5 32. Ra7 1-0

[Event "GBR-ch 95th"]
[Site "Liverpool"]
[Date "2008.07.31"]
[Round "4.20"]
[White "Ynojosa, Felix Jose"]
[Black "Knott, Simon JB"]
[Result "1/2-1/2"]
[WhiteElo "2101"]
[BlackElo "2365"]
[PlyCount "77"]
[EventDate "2008.07.28"]
[EventType "swiss"]
[EventRounds "11"]
[EventCountry "GBR"]

1. e4 e6 2. d4 d5 3. exd5 exd5 4. Nf3 Nf6 5. Bd3 Bd6 6. Bg5 O-O 7. O-O Bg4 8.
Nbd2 Nbd7 9. c4 dxc4 10. Nxc4 Nb6 11. Nxb6 axb6 12. h3 Be6 13. a3 h6 14. Bh4
Be7 15. Bc2 Nd5 16. Bg3 Bf6 17. Re1 Re8 18. Ne5 Ne7 19. Rc1 c6 20. Bb3 Nf5 21.
Bxe6 Rxe6 22. Qh5 Bxe5 23. Bxe5 Qg5 24. Qxg5 hxg5 25. g4 Nh4 26. Re3 Rae8 27.
Rcc3 b5 28. Kf1 Ng6 29. Bg3 Nf4 30. Bxf4 gxf4 31. Rxe6 Rxe6 32. Kg2 Re2 33. d5
Rxb2 34. dxc6 bxc6 35. Rxc6 Rb3 36. Ra6 g5 37. a4 bxa4 38. Rxa4 Kg7 39. h4
1/2-1/2

[Event "GBR-ch 95th"]
[Site "Liverpool"]
[Date "2008.07.31"]
[Round "4.21"]
[White "Rendle, Thomas"]
[Black "Townsend, Paul"]
[Result "1/2-1/2"]
[WhiteElo "2363"]
[BlackElo "2204"]
[PlyCount "61"]
[EventDate "2008.07.28"]
[EventType "swiss"]
[EventRounds "11"]
[EventCountry "GBR"]

1. e4 e5 2. Nf3 d6 3. Nc3 Nf6 4. d4 exd4 5. Nxd4 Be7 6. g3 d5 7. e5 Ng4 8. e6
Nf6 9. exf7+ Kxf7 10. Bg2 Re8 11. O-O c6 12. Bg5 Na6 13. Nce2 h6 14. Bf4 Nc5
15. c4 Ne6 16. cxd5 Nxd5 17. Qb3 Ndxf4 18. Nxf4 Qb6 19. Ndxe6 Qxb3 20. axb3
Bxe6 21. Be4 Red8 22. Bg6+ Kf6 23. Rfe1 Bd5 24. h4 Bd6 25. Nxd5+ Kxg6 26. Nb6
axb6 27. Rxa8 Rxa8 28. Re6+ Kf7 29. Rxd6 Ke7 30. Rg6 Kf7 31. Rd6 1/2-1/2

[Event "GBR-ch 95th"]
[Site "Liverpool"]
[Date "2008.07.31"]
[Round "4.23"]
[White "Gavriel, Tryfon"]
[Black "Pert, Richard G"]
[Result "0-1"]
[WhiteElo "2180"]
[BlackElo "2468"]
[PlyCount "202"]
[EventDate "2008.07.28"]
[EventType "swiss"]
[EventRounds "11"]
[EventCountry "GBR"]

1. c4 Nf6 2. g3 c6 3. Bg2 d5 4. d4 dxc4 5. Nf3 Nbd7 6. Qc2 Nb6 7. e4 g6 8. a4
a5 9. h3 Bg7 10. Nc3 O-O 11. Be3 Nbd7 12. Bf1 Nb8 13. Bxc4 Na6 14. Ne5 Ne8 15.
Rd1 Nb4 16. Qe2 Nd6 17. Bb3 b6 18. h4 Ba6 19. Qf3 c5 20. h5 c4 21. Ba2 Nc2+ 22.
Kd2 Nxe3 23. Qxe3 f6 24. Nc6 Qc7 25. Nd5 Qd7 26. Ndxe7+ Kf7 27. hxg6+ hxg6 28.
Rh7 Rh8 29. Rxh8 Rxh8 30. Qf3 Qe6 31. e5 c3+ 32. Ke1 Qxa2 33. exd6 Rh1+ 34.
Qxh1 Qe6+ 35. Ne5+ fxe5 36. Qf3+ Bf6 37. dxe5 Qxe5+ 38. Qe3 c2 39. Rc1 Qxd6 40.
Rxc2 Qxe7 41. Qxe7+ Bxe7 42. Rc6 Bc5 43. f3 Bc4 44. Kd2 Bb3 45. f4 Bxa4 46.
Rc7+ Ke6 47. Rg7 Kf6 48. Rg8 Bd7 49. Kd3 Bf5+ 50. Ke2 Bg4+ 51. Kd3 Bf3 52. Re8
Bc6 53. Re5 Bd7 54. Ke4 Bf5+ 55. Kf3 Bd6 56. Re2 a4 57. Rd2 Bc5 58. Rd8 a3 59.
bxa3 Bxa3 60. g4 Be6 61. Rb8 Bc5 62. Kg3 Bd5 63. Re8 Bc6 64. Rc8 Bd7 65. Rd8
Ke7 66. Ra8 Bd6 67. Rg8 Be8 68. Kf3 b5 69. f5 gxf5 70. gxf5 b4 71. Ke4 b3 72.
Kd3 Be5 73. Rg4 Bd7 74. Ke4 b2 75. Rg1 Bh8 76. Rb1 Kd6 77. Rd1+ Kc5 78. Kf4 Bf6
79. Ke4 Kc4 80. Rf1 Ba4 81. Kf4 Kd3 82. Rf3+ Kc2 83. Rf2+ Kb3 84. Rxb2+ Kxb2
85. Ke4 Bd7 86. Kf4 Kc3 87. Ke4 Kc4 88. Kf4 Kd5 89. Ke3 Bxf5 90. Kf3 Be5 91.
Ke3 Bg4 92. Kd2 Bf4+ 93. Kc3 Kc5 94. Kc2 Kc4 95. Kb2 Bf5 96. Ka3 Be5 97. Ka2
Kc3 98. Ka3 Bd7 99. Ka2 Kc2 100. Ka3 Bd6+ 101. Ka2 Be6+ 0-1

[Event "GBR-ch 95th"]
[Site "Liverpool"]
[Date "2008.07.31"]
[Round "4.24"]
[White "Cox, Tristan"]
[Black "Berry, Stephen"]
[Result "0-1"]
[WhiteElo "2144"]
[BlackElo "2363"]
[PlyCount "60"]
[EventDate "2008.07.28"]
[EventType "swiss"]
[EventRounds "11"]
[EventCountry "GBR"]

1. Nf3 d6 2. d4 Nf6 3. c4 Nbd7 4. Nc3 e5 5. e4 Be7 6. Be2 O-O 7. O-O c6 8. Be3
a6 9. d5 c5 10. Ne1 Ne8 11. Qd2 g6 12. g3 Ng7 13. Ng2 f5 14. f3 Nf6 15. a3 b6
16. b4 Ra7 17. Rab1 fxe4 18. fxe4 Ng4 19. Bxg4 Bxg4 20. bxc5 bxc5 21. Rxf8+
Bxf8 22. Bg5 Be7 23. Bxe7 Qxe7 24. Rb8+ Ne8 25. Qb2 Kg7 26. Ne3 Nf6 27. Qb6 Bh3
28. Ncd1 Nxe4 29. g4 Rd7 30. Qb1 Qh4 0-1

[Event "GBR-ch 95th"]
[Site "Liverpool"]
[Date "2008.07.31"]
[Round "4.25"]
[White "Dilleigh, Steve"]
[Black "Mason, Donald"]
[Result "1/2-1/2"]
[WhiteElo "2131"]
[BlackElo "2268"]
[PlyCount "112"]
[EventDate "2008.07.28"]
[EventType "swiss"]
[EventRounds "11"]
[EventCountry "GBR"]

1. d4 Nf6 2. c4 e6 3. Nc3 Bb4 4. e3 b6 5. Bd3 Bb7 6. Nf3 O-O 7. O-O d5 8. cxd5
exd5 9. a3 Bd6 10. b4 a6 11. Qb3 Qe7 12. Rb1 c6 13. e4 dxe4 14. Re1 c5 15. bxc5
bxc5 16. Bg5 Qc7 17. Bxf6 exd3 18. Qxb7 Qxb7 19. Rxb7 gxf6 20. Ne4 Bf4 21.
Nxf6+ Kh8 22. dxc5 Nc6 23. g3 Bh6 24. Rd7 Rad8 25. Rd1 Bg7 26. Rxd8 Rxd8 27.
Ne4 Rd5 28. Ne1 f5 29. Ng5 d2 30. Nef3 Bc3 31. Kf1 Na5 32. c6 Nxc6 33. Ke2 Nd4+
34. Nxd4 Rxd4 35. Nf3 Ra4 36. Nxd2 Rxa3 37. Nc4 Ra2+ 38. Kf3 a5 39. Rd5 Be1 40.
Rxf5 Rxf2+ 41. Ke4 Rxf5 42. Kxf5 a4 43. g4 Kg7 44. g5 Kf7 45. h3 Bf2 46. Nd6+
Ke7 47. Nc4 Kd7 48. h4 Kc6 49. h5 Bd4 50. g6 hxg6+ 51. hxg6 Bg7 52. Ke4 Kc5 53.
Na3 Kb4 54. Nb1 Kb3 55. Kd5 Bh6 56. Kc5 a3 1/2-1/2